<?xml version="1.0" encoding="UTF-8"?>
<record
    xmlns:xsi="http://www.w3.org/2001/XMLSchema-instance"
    xsi:schemaLocation="http://www.loc.gov/MARC21/slim http://www.loc.gov/standards/marcxml/schema/MARC21slim.xsd"
    xmlns="http://www.loc.gov/MARC21/slim">

  <leader>01354nam a22002777a 4500</leader>
  <controlfield tag="005">20170124103000.0</controlfield>
  <datafield tag="010" ind1=" " ind2=" ">
    <subfield code="a">B-082111</subfield>
  </datafield>
  <datafield tag="020" ind1=" " ind2=" ">
    <subfield code="c">300.00</subfield>
  </datafield>
  <datafield tag="035" ind1=" " ind2=" ">
    <subfield code="a">B-082111</subfield>
  </datafield>
  <datafield tag="037" ind1=" " ind2=" ">
    <subfield code="b">Cen Lib/Ret</subfield>
  </datafield>
  <datafield tag="040" ind1=" " ind2=" ">
    <subfield code="a">DPL</subfield>
    <subfield code="b">HN</subfield>
  </datafield>
  <datafield tag="082" ind1=" " ind2=" ">
    <subfield code="a">821.08</subfield>
    <subfield code="b">&#x909;&#x92A;&#x93E;&#x927;&#x94D;&#x92F;&#x93E;</subfield>
  </datafield>
  <datafield tag="100" ind1=" " ind2=" ">
    <subfield code="a">&#x909;&#x92A;&#x93E;&#x927;&#x94D;&#x92F;&#x93E;&#x92F;, &#x928;&#x930;&#x94D;&#x92E;&#x926;&#x93E; &#x92A;&#x94D;&#x930;&#x938;&#x93E;&#x926; </subfield>
    <subfield code="9">54290</subfield>
  </datafield>
  <datafield tag="245" ind1=" " ind2=" ">
    <subfield code="a">&#x92D;&#x93E;&#x930;&#x924;&#x940;&#x92F; &#x91A;&#x93F;&#x924;&#x94D;&#x930;&#x93E;&#x902;&#x915;&#x928; &#x92A;&#x930;&#x92E;&#x94D;&#x92A;&#x930;&#x93E;  :   </subfield>
    <subfield code="c">&#x928;&#x930;&#x94D;&#x92E;&#x926;&#x93E; &#x92A;&#x94D;&#x930;&#x938;&#x93E;&#x926; &#x909;&#x92A;&#x93E;&#x927;&#x94D;&#x92F;&#x93E;&#x92F;</subfield>
    <subfield code="b">&#x915;&#x93E;&#x928;&#x94D;&#x939;&#x947;&#x930;&#x940; &#x917;&#x940;&#x924;&#x917;&#x94B;&#x935;&#x93F;&#x928;&#x94D;&#x926; &#x915;&#x947; &#x938;&#x928;&#x94D;&#x926;&#x930;&#x94D;&#x92D; &#x92E;&#x947;&#x902; </subfield>
  </datafield>
  <datafield tag="246" ind1=" " ind2=" ">
    <subfield code="a">Bhartiya chitrankan prampra :kanheri geetgovind ke sandarbh me </subfield>
    <subfield code="b">by Narmada Prasad Upadhyyay</subfield>
  </datafield>
  <datafield tag="260" ind1=" " ind2=" ">
    <subfield code="a"> &#x926;&#x93F;&#x932;&#x94D;&#x932;&#x940; </subfield>
    <subfield code="b">&#x91C;&#x94D;&#x91E;&#x93E;&#x928; &#x917;&#x902;&#x917;&#x93E; </subfield>
    <subfield code="c">2003</subfield>
  </datafield>
  <datafield tag="270" ind1=" " ind2=" ">
    <subfield code="a">205, &#x91A;&#x93E;&#x935;&#x921;&#x940; &#x92C;&#x93E;&#x91C;&#x93C;&#x93E;&#x930; </subfield>
    <subfield code="b">&#x926;&#x93F;&#x932;&#x94D;&#x932;&#x940; </subfield>
    <subfield code="e">110006</subfield>
  </datafield>
  <datafield tag="300" ind1=" " ind2=" ">
    <subfield code="a">295&#x92A;&#x943;&#x937;&#x94D;&#x920;.  :</subfield>
    <subfield code="c">20&#x938;&#x947;&#x92E;&#x940;(&#x938;&#x91C;&#x93F;&#x932;&#x94D;&#x926;)</subfield>
    <subfield code="b">&#x91A;&#x93F;&#x924;&#x94D;&#x930; .</subfield>
  </datafield>
  <datafield tag="500" ind1=" " ind2=" ">
    <subfield code="a">&#x938;&#x928;&#x94D;&#x926;&#x930;&#x94D;&#x92D; &#x917;&#x94D;&#x930;&#x928;&#x94D;&#x925; &#x938;&#x942;&#x91A;&#x940; &#x936;&#x93E;&#x92E;&#x93F;&#x932; </subfield>
  </datafield>
  <datafield tag="650" ind1=" " ind2=" ">
    <subfield code="a">&#x939;&#x93F;&#x902;&#x926;&#x940; &#x938;&#x93E;&#x939;&#x93F;&#x924;&#x94D;&#x92F; </subfield>
    <subfield code="9">54291</subfield>
  </datafield>
  <datafield tag="650" ind1=" " ind2=" ">
    <subfield code="a">&#x92D;&#x93E;&#x930;&#x924;&#x940;&#x92F; &#x91A;&#x93F;&#x924;&#x94D;&#x930;&#x915;&#x932;&#x93E; </subfield>
    <subfield code="9">54292</subfield>
  </datafield>
  <datafield tag="650" ind1=" " ind2=" ">
    <subfield code="a">Hindi Literature</subfield>
    <subfield code="9">54293</subfield>
  </datafield>
  <datafield tag="650" ind1=" " ind2=" ">
    <subfield code="a">Indian painting</subfield>
    <subfield code="9">54294</subfield>
  </datafield>
  <datafield tag="700" ind1=" " ind2=" ">
    <subfield code="9">53319</subfield>
  </datafield>
  <datafield tag="942" ind1=" " ind2=" ">
    <subfield code="2">ddc</subfield>
    <subfield code="c">HN</subfield>
    <subfield code="h">821.08</subfield>
    <subfield code="m">&#x909;&#x92A;&#x93E;&#x927;&#x94D;&#x92F;&#x93E;</subfield>
  </datafield>
  <datafield tag="999" ind1=" " ind2=" ">
    <subfield code="c">113887</subfield>
    <subfield code="d">113887</subfield>
  </datafield>
  <datafield tag="952" ind1=" " ind2=" ">
    <subfield code="0">0</subfield>
    <subfield code="1">0</subfield>
    <subfield code="4">0</subfield>
    <subfield code="7">0</subfield>
    <subfield code="a">L</subfield>
    <subfield code="b">L</subfield>
    <subfield code="d">2015-08-13</subfield>
    <subfield code="e">Cen Lib/Ret</subfield>
    <subfield code="g">300.00</subfield>
    <subfield code="l">0</subfield>
    <subfield code="o">821.08 &#x909;&#x92A;&#x93E;&#x927;&#x94D;&#x92F;&#x93E;</subfield>
    <subfield code="p">B-082111</subfield>
    <subfield code="r">2015-08-13 00:00:00</subfield>
    <subfield code="t">1</subfield>
    <subfield code="v">300.00</subfield>
    <subfield code="w">2015-08-13</subfield>
    <subfield code="y">HN</subfield>
  </datafield>
</record>
